|
|
|
|
| LEADER |
01347nam a2200325 a 4500 |
| 001 |
15748432 |
| 003 |
BD-DhAAL |
| 005 |
20250713122452.0 |
| 008 |
091115s2009 ii b 001 0 eng d |
| 010 |
|
|
|a \\\2009021066
|
| 020 |
|
|
|a 9788132100836 (pbk)
|
| 040 |
|
|
|a DLC
|c DLC
|d BD-DhAAL
|
| 082 |
0 |
0 |
|a 658.5
|2 22
|
| 100 |
1 |
|
|a Rastogi, P. N.
|9 58721
|
| 245 |
1 |
0 |
|a Management of technology and innovation :
|b competing through technological excellence /
|c P.N. Rastogi.
|
| 250 |
|
|
|a Second edition.
|
| 260 |
|
|
|a New Delhi :
|b SAGE Publications,
|c c2009.
|
| 300 |
|
|
|a xv, 368 pages :
|b illustrations ;
|c 22 cm.
|
| 504 |
|
|
|a Includes bibliographical references and index.
|
| 526 |
|
|
|x Requisitioned by Faculties of BBS
Course name and no : N/A
|
| 541 |
1 |
|
|a Karim International
|e 00019579
|
| 650 |
|
0 |
|a Technological innovations
|x Management.
|
| 650 |
|
0 |
|a Industrial management.
|
| 650 |
|
0 |
|a Manufactures
|x Technological innovations
|x Management.
|9 58722
|
| 650 |
|
0 |
|a Competition.
|
| 650 |
|
0 |
|a Management.
|
| 852 |
4 |
|
|a Ayesha Abed Library
|j General shelf
|
| 942 |
|
|
|2 ddc
|c BK
|
| 999 |
|
|
|c 5511
|d 5511
|
| 952 |
|
|
|0 0
|1 0
|2 ddc
|4 0
|6 658_500000000000000_RAS
|7 0
|9 5385
|a BRACUL
|b BRACUL
|c GEN
|d 2009-11-15
|e Karim International
|g 429.00
|l 0
|o 658.5 RAS
|p 3010019579
|r 2009-11-15
|t 1
|w 2009-11-15
|y BK
|x Requisitioned by Faculties of BBS. Course name and no. "not available".
|